| 000 | 00662nam a2200205 a 4500 | ||
|---|---|---|---|
| 001 | 000011582 | ||
| 005 | 20240530073912.0 | ||
| 008 | 091021s1959 dr 000 f spa d | ||
| 040 |
_aDO-SdBNP _bspa _cBNPHU |
||
| 082 |
_aRD863.44 _bO81h |
||
| 100 | 1 |
_aOscar, Armando _924269 |
|
| 245 | 1 | 3 |
_aEl hombre de los pies de agua : _bnovela / _cArmando Oscar. |
| 260 |
_aCiudad Trujillo : _bLibrerÃa Dominicana, _c1959. |
||
| 300 |
_a218 p. ; _c21 cm. |
||
| 590 | _aLa biblioteca posee 1 ejemplar autografiado por el autor. | ||
| 650 | 0 |
_aNovela dominicana _9223 |
|
| 650 | 0 |
_aLiteratura dominicana. _967 |
|
| 910 | _aValidado. Control de calidad MFF | ||
| 049 | _aBNPD | ||
| 999 |
_c11277 _d11277 |
||